<?xml version="1.0" encoding="UTF-8"?>
<record
    xmlns:xsi="http://www.w3.org/2001/XMLSchema-instance"
    xsi:schemaLocation="http://www.loc.gov/MARC21/slim http://www.loc.gov/standards/marcxml/schema/MARC21slim.xsd"
    xmlns="http://www.loc.gov/MARC21/slim">

  <leader>00331nam a22001337a 4500</leader>
  <controlfield tag="008">240312b        |||||||| |||| 00| 0 eng d</controlfield>
  <datafield tag="020" ind1=" " ind2=" ">
    <subfield code="a">9781108959742</subfield>
  </datafield>
  <datafield tag="100" ind1=" " ind2=" ">
    <subfield code="a">S. Misra &amp; A. Mukherjee</subfield>
  </datafield>
  <datafield tag="245" ind1=" " ind2=" ">
    <subfield code="a">Introduction to IOT</subfield>
  </datafield>
  <datafield tag="260" ind1=" " ind2=" ">
    <subfield code="a">UK</subfield>
    <subfield code="b">Cambridge University Press</subfield>
    <subfield code="c">2023</subfield>
  </datafield>
  <datafield tag="300" ind1=" " ind2=" ">
    <subfield code="a">387</subfield>
  </datafield>
  <datafield tag="650" ind1=" " ind2=" ">
    <subfield code="a">ECE</subfield>
  </datafield>
  <datafield tag="942" ind1=" " ind2=" ">
    <subfield code="2">ddc</subfield>
    <subfield code="c">BK</subfield>
  </datafield>
  <datafield tag="999" ind1=" " ind2=" ">
    <subfield code="c">20603</subfield>
    <subfield code="d">20603</subfield>
  </datafield>
  <datafield tag="952" ind1=" " ind2=" ">
    <subfield code="p">BE 24807</subfield>
    <subfield code="i">5-3-2024</subfield>
    <subfield code="l">0</subfield>
    <subfield code="e">Radha Krishna Anand &amp; Co, Jammu</subfield>
    <subfield code="r">2024-06-13 00:00:00</subfield>
    <subfield code="w">2024-03-12</subfield>
    <subfield code="y">BK</subfield>
    <subfield code="0">0</subfield>
    <subfield code="4">0</subfield>
    <subfield code="7">1</subfield>
    <subfield code="a">MIETLIB</subfield>
    <subfield code="b">MIETLIB</subfield>
    <subfield code="c">22/5</subfield>
    <subfield code="d">2024-03-05</subfield>
    <subfield code="1">0</subfield>
    <subfield code="H">BE</subfield>
  </datafield>
  <datafield tag="952" ind1=" " ind2=" ">
    <subfield code="p">BE 24808</subfield>
    <subfield code="i">5-3-2024</subfield>
    <subfield code="l">5</subfield>
    <subfield code="e">Radha Krishna Anand &amp; Co, Jammu</subfield>
    <subfield code="q">2026-02-15</subfield>
    <subfield code="r">2026-02-05 12:41:09</subfield>
    <subfield code="s">2026-02-05</subfield>
    <subfield code="w">2024-03-12</subfield>
    <subfield code="y">BK</subfield>
    <subfield code="0">0</subfield>
    <subfield code="4">0</subfield>
    <subfield code="7">0</subfield>
    <subfield code="a">MIETLIB</subfield>
    <subfield code="b">MIETLIB</subfield>
    <subfield code="c">91/6</subfield>
    <subfield code="d">2024-03-05</subfield>
    <subfield code="1">0</subfield>
    <subfield code="H">BE</subfield>
  </datafield>
  <datafield tag="952" ind1=" " ind2=" ">
    <subfield code="p">BE 24809</subfield>
    <subfield code="i">5-3-2024</subfield>
    <subfield code="l">4</subfield>
    <subfield code="e">Radha Krishna Anand &amp; Co, Jammu</subfield>
    <subfield code="r">2026-02-27 14:33:44</subfield>
    <subfield code="s">2026-02-16</subfield>
    <subfield code="w">2024-03-12</subfield>
    <subfield code="y">BK</subfield>
    <subfield code="0">0</subfield>
    <subfield code="4">0</subfield>
    <subfield code="7">0</subfield>
    <subfield code="a">MIETLIB</subfield>
    <subfield code="b">MIETLIB</subfield>
    <subfield code="c">91/6</subfield>
    <subfield code="d">2024-03-05</subfield>
    <subfield code="1">0</subfield>
    <subfield code="H">BE</subfield>
  </datafield>
  <datafield tag="952" ind1=" " ind2=" ">
    <subfield code="p">BE 24810</subfield>
    <subfield code="i">5-3-2024</subfield>
    <subfield code="l">2</subfield>
    <subfield code="e">Radha Krishna Anand &amp; Co, Jammu</subfield>
    <subfield code="q">2025-04-27</subfield>
    <subfield code="r">2025-01-27 00:00:00</subfield>
    <subfield code="s">2025-01-27</subfield>
    <subfield code="w">2024-03-12</subfield>
    <subfield code="y">BK</subfield>
    <subfield code="0">0</subfield>
    <subfield code="4">0</subfield>
    <subfield code="7">0</subfield>
    <subfield code="a">MIETLIB</subfield>
    <subfield code="b">MIETLIB</subfield>
    <subfield code="c">91/6</subfield>
    <subfield code="d">2024-03-05</subfield>
    <subfield code="1">0</subfield>
    <subfield code="H">BE</subfield>
  </datafield>
</record>
